000 00576nam a2200229 i 4500
001 C2-0113216
003 PPAK
005 20180727104156.0
008 970703s1962 enk |||| ||||| | eng d
040 _aPPAK
_beng
_cPPAK
_erda
082 0 4 _a823
_223
090 0 0 _a823
_bKAF
_dKIH
100 1 _aKafka, Franz,
_eauthor
245 1 4 _aThe castle
264 1 _aMiddlesex :
_bPenguin ,
_c1962
300 _a298 pages ;
_c18 cm
336 _2rdacontent
_atext
337 _2rdamedia
_aunmediated
338 _2rdacarrier
_avolume
650 1 0 _aEnglish fiction
942 _ddc
_cB
999 _c28635
_d28635